Animal Crossing - Tous les Poissons [en image] - Statistiques

Statistiques générales
  • Ce quiz a été pris 235 fois
    234 depuis la dernière actualisation
  • Le résultat moyen est 42 sur 91
Statistiques - réponses
Par images Réponse % Correct
Carpe
94%
Bar
88%
Carpe koï
87%
Grand requin blanc
87%
Grenouille
86%
Requin marteau
83%
Bar commun
82%
Poisson rouge
82%
Hippocampe
80%
Poisson-clown
80%
Tétard
77%
Raie
76%
Saumon
76%
Méduse
75%
Thon
74%
Écrevisse
72%
Requin-baleine
71%
Requin scie
69%
Homard
68%
Vivaneau
68%
Murène
67%
Poulpe
67%
Calmar
64%
Limande
64%
Poisson chirurgien
64%
Napoléon
63%
Poisson-ruban
61%
Poisson-scorpion
61%
Cardeau
56%
Truite
56%
Anchois
55%
Esturgeon
55%
Piranha
55%
Guppy
53%
Anguille
52%
Carassin
52%
Chinchard
52%
Poisson lanterne
52%
Silure
51%
Brochet
49%
Dorado
49%
Cœlacanthe
48%
Combattant
48%
Gobie d'eau douce
48%
Arapaïma
47%
Clione
47%
Poisson-papillon
45%
Bouvière
44%
Vandoise
42%
Chevaine
41%
Perche jaune
41%
Poisson-ange
40%
Arowana
39%
Poisson-ballon
39%
Saumon roi
39%
Ishidai
37%
Lune de mer
37%
Marlin bleu
37%
Crapet
36%
Tilapia
34%
Tortue serpentine
33%
Crabe chinois
31%
Éperlan
31%
Murène ruban bleue
31%
Néon bleu
30%
Ayu
29%
Poisson-porc-épic
29%
Tortue trionyx
29%
Carangue grosse tête
28%
Loche d'étang
28%
Ranchu
28%
Tête-de-serpent
28%
Truite dorée
28%
Cyprin doré
26%
Gar
26%
Rémora rayé
26%
Macropinna
22%
Poisson docteur
22%
Coryphène
21%
Barbeau
20%
Dai yu
20%
Poisson arc-en-ciel
20%
Bichir
19%
Omble
17%
Saumon masou
17%
Fondule barré
14%
Silure géant
5%
Grand bar
4%
Petit bar
4%
Herabuna
1%
Truite de lac
1%
Aucun quiz correspondant
Distribution des résultats
% des personnes avec chaque résultat
Percentile par nombre de réponses
Votre historique - résultats
Vous n’avez pas pris ce quiz depuis la dernière actualisation